[Event "Saint Louis Masters 2026"]
[Site "Saint Louis USA"]
[Date "2026.02.28"]
[Round "7.26"]
[White "Boyer, Mahel"]
[Black "Wang, Tianqi"]
[Result "0-1"]
[WhiteTitle "GM"]
[BlackTitle "IM"]
[WhiteElo "2486"]
[BlackElo "2331"]
[WhiteFideId "45102422"]
[BlackFideId "2063824"]
[EventDate "2026.02.25"]

1. d4 d5 2. c4 e6 3. Nf3 c6 4. e3 Nf6 5. Nc3 Nbd7 6. Be2 Bd6 7. O-O O-O 8. Qc2
dxc4 9. a4 a5 10. Bxc4 e5 11. h3 Qe7 12. b3 exd4 13. Nxd4 Nc5 14. Bb2 Nfe4 15.
Rad1 Re8 16. Rfe1 Bc7 17. f3 Nd6 18. Bf1 Qg5 19. Ba3 Bb6 20. Nxc6 bxc6 21. Rxd6
Rxe3 22. Bc1 Nb7 23. Bxe3 Bxe3+ 24. Kh1 Nxd6 25. Nd1 Bf4 26. Qxc6 Bb7 0-1

[Event "Saint Louis Masters 2026"]
[Site "Saint Louis USA"]
[Date "2026.02.28"]
[Round "7.27"]
[White "Antova, Gabriela"]
[Black "Bilovil, Bogdan"]
[Result "0-1"]
[WhiteTitle "FM"]
[BlackTitle "IM"]
[WhiteElo "2168"]
[BlackElo "2446"]
[WhiteFideId "2915235"]
[BlackFideId "14168766"]
[EventDate "2026.02.25"]

1. Nf3 d5 2. g3 g6 3. Bg2 Bg7 4. d4 Nf6 5. O-O O-O 6. b3 a5 7. Bb2 Nc6 8. c4 a4
9. bxa4 dxc4 10. Na3 c3 11. Bxc3 Nd5 12. Bb2 Nb6 13. Rc1 Nxa4 14. Ba1 Nb6 15.
Bb2 Be6 16. e4 Bxa2 17. Qd2 Na5 18. Qe2 c6 19. Ne5 Be6 20. f4 Na4 21. d5 cxd5
22. Rcd1 d4 23. Bxd4 Nb3 24. Qf2 Nxd4 25. Rxd4 Qb6 26. Rb1 Qc5 27. Nb5 Bxe5 28.
fxe5 Qxe5 29. Qf4 Qc5 30. Qc7 Rac8 31. Qxc5 Nxc5 32. e5 b6 33. Na7 Rc7 34. Nc6
Bb3 35. Rb4 Bc2 36. Ra1 e6 37. Rxb6 Be4 38. Bxe4 Nxe4 39. Kg2 Kg7 40. Ra7 Rxa7
41. Nxa7 Rd8 42. Nc6 Rd2+ 43. Kf3 Ng5+ 44. Kg4 h6 45. h4 Ne4 46. Kf4 Nc5 47. Rb8
Rc2 48. Nd4 Rc4 49. Ke3 Rc3+ 50. Kf4 Nd3+ 51. Ke4 g5 52. hxg5 hxg5 53. Ne2 Nf2+
54. Kd4 Rd3+ 55. Kc4 Re3 56. Rb2 Rxe5 57. Nc3 Ng4 58. Kd4 Re1 59. Ne4 Kg6 0-1

[Event "Saint Louis Masters 2026"]
[Site "Saint Louis USA"]
[Date "2026.02.28"]
[Round "7.28"]
[White "Bok, Benjamin"]
[Black "Kiolbasa, Oliwia"]
[Result "1/2-1/2"]
[WhiteTitle "GM"]
[BlackTitle "IM"]
[WhiteElo "2592"]
[BlackElo "2397"]
[WhiteFideId "1017063"]
[BlackFideId "1154613"]
[EventDate "2026.02.25"]

1. c4 e6 2. g3 d5 3. Bg2 Nf6 4. Nf3 Bd6 5. O-O O-O 6. d4 Nbd7 7. Qc2 c6 8. Nbd2
Qe7 9. b3 e5 10. dxe5 Nxe5 11. cxd5 cxd5 12. Bb2 Bg4 13. Bxe5 Bxe5 14. Nxe5 Qxe5
15. Nf3 Bxf3 16. Bxf3 Rac8 17. Qd2 Rc5 18. Rac1 Rfc8 19. Rxc5 Rxc5 20. Rc1 Rxc1+
21. Qxc1 g6 22. Qc8+ Kg7 23. Qxb7 Qa1+ 24. Kg2 Qxa2 25. e3 Qa5 26. Qe7 Qc3 27.
b4 h5 28. h3 a6 29. Qd6 Qc4 30. Qe5 Qc6 31. Qa1 Kg8 32. Be2 d4+ 33. Bf3 Qc3 34.
Qxa6 1/2-1/2

[Event "Saint Louis Masters 2026"]
[Site "Saint Louis USA"]
[Date "2026.02.28"]
[Round "7.29"]
[White "Abrahamyan, Tatev"]
[Black "Gazik, Viktor"]
[Result "0-1"]
[WhiteTitle "IM"]
[BlackTitle "GM"]
[WhiteElo "2378"]
[BlackElo "2537"]
[WhiteFideId "13301918"]
[BlackFideId "14928752"]
[EventDate "2026.02.25"]

1. e4 Nc6 2. Nf3 d6 3. d4 Nf6 4. Nc3 g6 5. d5 Nb8 6. Be2 Bg7 7. O-O O-O 8. Re1
c6 9. h3 a6 10. a4 a5 11. Bf4 Qb6 12. Qd2 Nbd7 13. Rab1 Nc5 14. Bf1 Rd8 15. Bh6
Bh8 16. Ng5 Bg7 17. Bxg7 Kxg7 18. b3 Bd7 19. Bc4 Be8 20. Rbd1 Rac8 21. Nf3 Qb4
22. Nd4 Ncd7 23. Re3 Kh8 24. Rg3 Nh5 25. Qh6 Nxg3 26. Na2 Qa3 27. fxg3 Qxa2 28.
Nf3 Kg8 29. Ng5 Nf8 30. Rf1 cxd5 31. Bxd5 Rxc2 32. e5 dxe5 33. Nxf7 Rxd5 0-1

[Event "Saint Louis Masters 2026"]
[Site "Saint Louis USA"]
[Date "2026.02.28"]
[Round "7.30"]
[White "Repka, Christopher"]
[Black "Caglar, Sila"]
[Result "1-0"]
[WhiteTitle "GM"]
[BlackTitle "WIM"]
[WhiteElo "2495"]
[BlackElo "2215"]
[WhiteFideId "14918781"]
[BlackFideId "6364063"]
[EventDate "2026.02.25"]

1. d4 d5 2. Nf3 Nf6 3. e3 e6 4. Bd3 Be7 5. O-O O-O 6. Nbd2 c5 7. b3 Nc6 8. Bb2
b6 9. a3 Bb7 10. dxc5 bxc5 11. e4 Re8 12. Re1 Qb6 13. c4 dxe4 14. Nxe4 Nd4 15.
Nxd4 cxd4 16. c5 Qd8 17. Rc1 Rc8 18. b4 e5 19. Qf3 Nxe4 20. Bxe4 Bxe4 21. Rxe4
Bf6 22. Rce1 Re6 23. Qb3 g5 24. h4 h6 25. Bc1 Bg7 26. hxg5 hxg5 27. Rg4 Rg6 28.
Qf3 Rcc6 29. Bxg5 Qd7 30. Rg3 f5 31. Qb3+ Qf7 32. Bd2 Rxg3 33. Qxg3 Rg6 34. Qh3
f4 35. Qf3 Qa2 36. Qd3 Re6 37. f3 Bf6 38. Rc1 Qd5 39. Qc4 Qxc4 40. Rxc4 Bd8 41.
b5 Kf7 42. Ra4 Re7 43. Ra6 Rb7 44. a4 d3 45. c6 Re7 46. a5 1-0

[Event "Saint Louis Masters 2026"]
[Site "Saint Louis USA"]
[Date "2026.02.28"]
[Round "7.31"]
[White "Gueci, Tea"]
[Black "Yip, Carissa"]
[Result "0-1"]
[WhiteTitle "WIM"]
[BlackTitle "IM"]
[WhiteElo "2138"]
[BlackElo "2466"]
[WhiteFideId "872342"]
[BlackFideId "2090732"]
[EventDate "2026.02.25"]

1. e4 e5 2. Nf3 Nc6 3. Bb5 a6 4. Ba4 Nf6 5. O-O d6 6. Re1 Bd7 7. c3 g6 8. d4 Bg7
9. h3 O-O 10. Bc2 Nh5 11. Be3 Qe8 12. Nbd2 Kh8 13. Nc4 b6 14. a4 f5 15. exf5 e4
16. d5 exf3 17. dxc6 Bxc6 18. Bg5 Qf7 19. Nxd6 cxd6 20. Qxd6 Rac8 21. g4 Nf6 22.
fxg6 hxg6 23. Re7 Qd5 24. Qxd5 Nxd5 25. Ra7 a5 26. Bxg6 Nf4 27. Bxf4 Rxf4 28.
Re1 Rxa4 29. Ree7 Bf8 30. Re6 Bd5 31. Rxb6 Bc6 32. Bd3 Ra1+ 33. Bf1 Bc5 0-1

[Event "Saint Louis Masters 2026"]
[Site "Saint Louis USA"]
[Date "2026.02.28"]
[Round "7.32"]
[White "Kuru, Atilla"]
[Black "Sargsyan, Anna M."]
[Result "1-0"]
[WhiteTitle "IM"]
[BlackTitle "IM"]
[WhiteElo "2450"]
[BlackElo "2372"]
[WhiteFideId "51607948"]
[BlackFideId "13308130"]
[EventDate "2026.02.25"]

1. e4 e5 2. Nf3 Nc6 3. Bc4 Bc5 4. d3 d6 5. Nc3 a6 6. a4 h6 7. O-O Nf6 8. Be3 O-O
9. h3 Bxe3 10. fxe3 Be6 11. b3 d5 12. exd5 Nxd5 13. Qd2 Re8 14. Ne4 Qe7 15. Ng3
Qc5 16. Bxd5 Bxd5 17. Qf2 b5 18. Nh4 Ne7 19. c4 bxc4 20. bxc4 Be6 21. Ne4 Qa5
22. g4 Ng6 23. Nf5 Rad8 24. Rad1 Qxa4 25. Neg3 Bxf5 26. gxf5 Nh8 27. Nh5 Rd6 28.
Kh2 Kf8 29. Rg1 g5 30. fxg6 Nxg6 31. Rdf1 Re7 32. Nf6 Rxf6 33. Qxf6 Ke8 34. Rf2
Qd7 35. Qh8+ Nxh8 36. Rg8# 1-0

[Event "Saint Louis Masters 2026"]
[Site "Saint Louis USA"]
[Date "2026.02.28"]
[Round "7.33"]
[White "Apaar Saxena"]
[Black "Kavutskiy, Kostya"]
[Result "1/2-1/2"]
[WhiteTitle "FM"]
[BlackTitle "IM"]
[WhiteElo "2263"]
[BlackElo "2330"]
[WhiteFideId "25937219"]
[BlackFideId "2026384"]
[EventDate "2026.02.25"]

1. d4 Nf6 2. c4 g6 3. g3 Bg7 4. Bg2 O-O 5. Nc3 d6 6. Nf3 Bf5 7. Nh4 Bc8 8. Nf3
Nc6 9. O-O e5 10. dxe5 dxe5 11. Bg5 Be6 12. Qc1 Qc8 13. Rd1 a5 14. b3 Rd8 15.
Nd2 h6 16. Bxf6 Bxf6 17. Nde4 Rxd1+ 18. Qxd1 Be7 19. Nb5 Na7 20. Qd2 Nxb5 21.
cxb5 Qd7 22. Qxd7 Bxd7 23. Rc1 c6 24. Nc5 Bxc5 25. Rxc5 a4 26. b4 cxb5 27. Bxb7
Ra7 28. Bc8 f6 29. a3 Kf7 30. Kf1 Bxc8 31. Rxc8 Rd7 32. Ke1 Rd5 33. Rc6 1/2-1/2

[Event "Saint Louis Masters 2026"]
[Site "Saint Louis USA"]
[Date "2026.02.28"]
[Round "7.34"]
[White "Cervantes Landeiro, Thalia"]
[Black "Chirilov, James A"]
[Result "1-0"]
[WhiteTitle "FM"]
[BlackTitle "FM"]
[WhiteElo "2247"]
[BlackElo "2264"]
[WhiteFideId "3520498"]
[BlackFideId "30976677"]
[EventDate "2026.02.25"]

1. Nf3 Nf6 2. c4 g6 3. d4 Bg7 4. Nc3 O-O 5. e4 d6 6. Be2 e5 7. O-O exd4 8. Nxd4
Re8 9. f3 c6 10. Kh1 d5 11. cxd5 cxd5 12. Bg5 Nc6 13. Nxc6 bxc6 14. exd5 cxd5
15. Bb5 Re6 16. Rc1 Bb7 17. Na4 h6 18. Bh4 Ba6 19. Bxa6 Rxa6 20. b3 d4 21. Qd3
Re6 22. Nc5 Re3 23. Qd2 Ne4 24. Qxe3 dxe3 25. Bxd8 e2 26. Be7 exf1=Q+ 27. Rxf1
Re8 28. Nxe4 Rxe7 29. g4 Be5 30. Kg2 Rc7 31. Rf2 Rc1 32. Re2 Kg7 33. h4 Bf4 34.
Nf2 Rc3 35. Re4 g5 36. hxg5 hxg5 37. Rc4 Re3 38. Rc2 Kf6 39. Ne4+ Ke7 40. Kf2
Rd3 41. Ke2 Re3+ 42. Kf2 Rd3 43. Rc4 a5 44. Ke2 Re3+ 45. Kf2 Rd3 46. Ra4 Rd5 47.
Ke2 Ke6 48. Rc4 f5 49. gxf5+ Rxf5 50. Rc6+ Ke7 51. Rc5 Ke6 52. Rc6+ Ke7 53. Rc5
Ke6 54. Kd3 Rxc5 55. Nxc5+ Kd5 56. Na4 Bc1 57. Nb6+ Kc5 58. Nc4 Kb4 59. Kc2 Bf4
60. a3+ Kb5 61. a4+ Kb4 62. Nb2 Ka3 63. Nd3 Bd6 64. Kc3 Be7 65. Kc4 Bd6 66. Nf2
Be7 67. Nd1 Bd8 68. Nc3 Bf6 69. Nb5+ Kb2 70. b4 Bd8 71. bxa5 Bxa5 72. Nd4 Bc3
73. Nc6 Kc2 74. a5 Bxa5 75. Nxa5 Kd2 76. Kd4 Ke2 77. Ke4 Kf2 78. Nc4 Kg3 79. Ne5
Kh3 80. Kf5 Kh4 81. Nf7 1-0

[Event "Saint Louis Masters 2026"]
[Site "Saint Louis USA"]
[Date "2026.02.28"]
[Round "8.1"]
[White "Caruana, Fabiano"]
[Black "Woodward, Andy"]
[Result "1-0"]
[WhiteTitle "GM"]
[BlackTitle "GM"]
[WhiteElo "2795"]
[BlackElo "2608"]
[WhiteFideId "2020009"]
[BlackFideId "30953499"]
[EventDate "2026.02.25"]

1. e4 e5 2. Nf3 Nc6 3. Bb5 a6 4. Ba4 Nf6 5. O-O Bc5 6. c3 b5 7. Bb3 d6 8. a4 Bb7
9. d4 Bb6 10. Re1 h6 11. Be3 Ng4 12. Bd5 Qc8 13. Nbd2 Nxe3 14. fxe3 O-O 15. g4
exd4 16. exd4 Ne7 17. Bxb7 Qxb7 18. g5 h5 19. g6 Nxg6 20. Ng5 Nf4 21. Rf1 f6 22.
Qb3+ d5 23. Rxf4 fxg5 24. Rxf8+ Rxf8 25. a5 Ba7 26. Qxd5+ Qxd5 27. exd5 Rd8 28.
Re1 Rxd5 29. Re7 Bxd4+ 30. cxd4 Rxd4 31. Nf3 Rd5 32. Re5 Rd1+ 33. Kf2 g4 34. Ng5
g6 35. Re6 Kg7 36. Rxa6 Rd2+ 37. Kg3 Rxb2 38. Rc6 Ra2 39. a6 Kh6 40. Nf7+ Kg7
41. Ne5 g5 42. Rg6+ Kh7 43. Rxg5 Ra3+ 44. Kf4 Rxa6 45. Rxh5+ Rh6 46. Kxg4 Rxh5
47. Kxh5 c5 48. Nd3 c4 49. Nb4 c3 50. h4 Kg7 51. Kg5 Kh7 52. h5 Kg7 53. h6+ Kh7
54. Kh5 Kg8 55. Kg6 Kh8 56. Nc6 1-0

[Event "Saint Louis Masters 2026"]
[Site "Saint Louis USA"]
[Date "2026.02.28"]
[Round "8.2"]
[White "Antipov, Mikhail Al."]
[Black "Lodici, Lorenzo"]
[Result "1-0"]
[WhiteTitle "GM"]
[BlackTitle "GM"]
[WhiteElo "2591"]
[BlackElo "2590"]
[WhiteFideId "4107012"]
[BlackFideId "884189"]
[EventDate "2026.02.25"]

1. e4 e6 2. d4 d5 3. Nc3 Nf6 4. e5 Nfd7 5. f4 c5 6. Nf3 Nc6 7. Be3 a6 8. Ne2 Be7
9. c3 f6 10. h4 O-O 11. Rh3 b5 12. Qc2 b4 13. Rd1 a5 14. c4 Nb6 15. b3 dxc4 16.
bxc4 Qe8 17. exf6 gxf6 18. dxc5 Nd7 19. Ned4 Nxd4 20. Bxd4 e5 21. fxe5 Nxe5 22.
Rg3+ Kh8 23. Kf2 Bb7 24. Qf5 Bxf3 25. gxf3 Rd8 26. Kg2 Qf7 27. Be2 Nxc4 28. Kh3
Ne5 29. f4 Nc6 30. Bb2 Qxa2 31. Qg5 Qf7 32. Bh5 Qe6+ 33. f5 Qg8 34. Qh6 1-0

[Event "Saint Louis Masters 2026"]
[Site "Saint Louis USA"]
[Date "2026.02.28"]
[Round "8.3"]
[White "Durarbayli, Vasif"]
[Black "Hong, Andrew"]
[Result "1/2-1/2"]
[WhiteTitle "GM"]
[BlackTitle "GM"]
[WhiteElo "2612"]
[BlackElo "2587"]
[WhiteFideId "13402935"]
[BlackFideId "2099438"]
[EventDate "2026.02.25"]

1. e4 e5 2. Nf3 Nc6 3. Bc4 Bc5 4. a4 Nf6 5. d3 a6 6. c3 d6 7. O-O Ba7 8. a5 O-O
9. Be3 Bxe3 10. fxe3 Qe7 11. Nbd2 Be6 12. Bxe6 Qxe6 13. Nh4 Ne7 14. Qf3 c6 15.
Ra4 d5 16. exd5 cxd5 17. Nf5 Nxf5 18. Qxf5 Qe7 19. Rb4 Rfe8 20. Qg5 Rac8 21. Nf3
Qc7 22. Nh4 h6 23. Qg3 e4 24. Qh3 Re6 25. d4 Ne8 26. Nf5 Nd6 27. Rb6 Nxf5 28.
Qxf5 Qd7 29. Rxe6 Qxe6 30. Qxe6 fxe6 31. Ra1 e5 32. Kf2 Rc6 33. dxe5 Kf7 34. Ra3
b5 35. axb6 Rxb6 36. b3 Rc6 37. c4 dxc4 38. bxc4 Rxc4 39. Rxa6 Rc2+ 40. Kg3 Re2
41. Ra7+ Ke6 42. Rxg7 Kxe5 43. Rh7 Rxe3+ 44. Kf2 Ra3 45. Rxh6 Ra2+ 46. Kg3 e3
47. Rh8 Ke4 48. h4 Ra1 49. Re8+ Kd3 50. Rd8+ Ke4 1/2-1/2

[Event "Saint Louis Masters 2026"]
[Site "Saint Louis USA"]
[Date "2026.02.28"]
[Round "8.4"]
[White "Budisavljevic, Luka"]
[Black "Sonis, Francesco"]
[Result "0-1"]
[WhiteTitle "GM"]
[BlackTitle "GM"]
[WhiteElo "2501"]
[BlackElo "2561"]
[WhiteFideId "960047"]
[BlackFideId "895733"]
[EventDate "2026.02.25"]

1. d4 Nf6 2. c4 e6 3. Nf3 b6 4. g3 Bb7 5. Bg2 Be7 6. O-O O-O 7. Re1 Re8 8. Nc3
Bb4 9. Bd2 a5 10. Qc2 Bxc3 11. Bxc3 Be4 12. Qa4 d6 13. Rad1 Nbd7 14. Ne5 Bxg2
15. Kxg2 Qc8 16. Qc6 Nf8 17. Nd3 Ng6 18. Qf3 Qa6 19. b3 b5 20. c5 e5 21. dxe5
dxe5 22. e4 Re6 23. Bb2 b4 24. h4 h5 25. Qf5 Rae8 26. Qg5 Qb5 27. f3 Nd7 28. Qe3
Rc6 29. Rc1 Ngf8 30. Red1 f6 31. f4 exf4 32. Nxf4 Rxc5 33. Rxc5 Qxc5 34. Qxc5
Nxc5 35. Rd5 Nxe4 36. Rxa5 Ne6 37. Nxh5 Rd8 38. Kf3 N4c5 39. Nf4 Rd1 40. Nxe6
Nxe6 41. Ra6 Kf7 42. Rc6 Rd2 43. Bc1 Rxa2 44. Rc4 c5 45. Be3 Rb2 46. Bxc5 Rxb3+
47. Be3 Ke7 48. g4 Rb1 49. Ke2 Kd6 50. g5 Kd5 51. Rc8 f5 52. Rb8 f4 53. Bf2 Ke4
54. Re8 f3+ 55. Kd2 Rb2+ 56. Ke1 Kd3 57. Kf1 Rb1+ 58. Be1 Nc5 59. h5 Rb2 60. h6
gxh6 61. gxh6 Rh2 62. Rd8+ Ke3 63. Bd2+ Ke4 64. Re8+ Kd5 65. Bf4 Rh3 66. Kg1 b3
67. Rb8 Kc4 68. Be3 Nd3 69. Rc8+ Kd5 70. Rd8+ Ke4 71. Re8+ Ne5 72. Bc1 Kd5 73.
Rd8+ Kc6 74. Rd4 Kc5 75. Be3 Nc4 76. Bf2 Kb5 77. Rd8 Rxh6 78. Rb8+ Ka4 79. Bd4
Rd6 80. Bc3 Nb6 81. Kf2 Rd3 82. Bg7 Nd7 83. Rd8 Kb4 84. Bh8 Kc4 85. Rc8+ Kd5 86.
Rd8 Ke4 87. Kg3 Nf6 88. Rb8 Nh5+ 89. Kg4 Ke3 90. Re8+ Kd2 91. Rf8 Ke2 92. Re8+
Re3 0-1

[Event "Saint Louis Masters 2026"]
[Site "Saint Louis USA"]
[Date "2026.02.28"]
[Round "8.5"]
[White "Warmerdam, Max"]
[Black "Yip, Carissa"]
[Result "1/2-1/2"]
[WhiteTitle "GM"]
[BlackTitle "IM"]
[WhiteElo "2580"]
[BlackElo "2466"]
[WhiteFideId "1048104"]
[BlackFideId "2090732"]
[EventDate "2026.02.25"]

1. c4 Nf6 2. Nc3 c5 3. Nf3 Nc6 4. g3 g6 5. d4 cxd4 6. Nxd4 d6 7. Bg2 Bd7 8. Nc2
Bg7 9. Bd2 Qc8 10. h3 Ne5 11. b3 Bc6 12. Nd5 e6 13. Nxf6+ Bxf6 14. O-O Bxg2 15.
Kxg2 O-O 16. f3 Rd8 17. Rc1 b6 18. Ne3 Qb7 19. Bc3 Bg7 20. Kh2 Rac8 21. Qd2 Bh6
22. f4 Qe4 23. Rcd1 f5 24. Ng2 Nf7 25. Rf3 Re8 26. Rd3 e5 27. e3 Bf8 28. a4 g5
29. Rd5 Re6 30. Qd3 Qxd3 31. R1xd3 Rc5 32. Bb4 Rxd5 33. cxd5 Re7 34. fxg5 Nxg5
35. Nh4 Ne4 36. Nxf5 Rc7 37. Kg2 a5 38. Be1 Rc1 39. Kf1 h5 40. g4 hxg4 41. hxg4
Rb1 42. Ke2 Rb2+ 43. Kf3 Ng5+ 44. Kg3 Ne4+ 45. Kf3 Ng5+ 46. Kg3 Kf7 47. Rd1 Ne4+
48. Kf3 Ng5+ 49. Kg3 Ne4+ 50. Kf3 Ng5+ 1/2-1/2

[Event "Saint Louis Masters 2026"]
[Site "Saint Louis USA"]
[Date "2026.02.28"]
[Round "8.6"]
[White "Kantor, Gergely"]
[Black "Akobian, Varuzhan"]
[Result "1-0"]
[WhiteTitle "GM"]
[BlackTitle "GM"]
[WhiteElo "2515"]
[BlackElo "2549"]
[WhiteFideId "751499"]
[BlackFideId "13300580"]
[EventDate "2026.02.25"]

1. e4 e6 2. d4 d5 3. Nc3 Bb4 4. e5 c5 5. a3 Bxc3+ 6. bxc3 Nc6 7. Qg4 g6 8. h4 h6
9. h5 g5 10. f4 f5 11. Qg3 g4 12. dxc5 Qa5 13. a4 Nge7 14. Ne2 O-O 15. Qd3 b6
16. Qb5 Ba6 17. Qxa5 bxa5 18. Be3 Rab8 19. Kd2 Rb2 20. Nc1 Bc4 21. Bxc4 dxc4 22.
Ne2 Rfb8 23. Kc1 Nd5 24. Bf2 Kf7 25. Rd1 Ke8 26. Rd2 Kf7 27. Rd1 Ke7 28. Nd4
Nxd4 29. Rxd4 Kd7 30. c6+ Kxc6 31. Rxc4+ Kd7 32. Bxa7 R8b7 33. g3 Ke8 34. Bc5
Kf7 35. Bd4 Rb8 36. Rc5 R2b7 37. Rxa5 Rc8 38. Ra3 Rcb8 39. Ra7 Rxa7 40. Bxa7 Ra8
41. Bd4 Ke8 42. a5 Ra6 43. c4 Nb4 44. Bb6 Nc6 45. Kb2 1-0

[Event "Saint Louis Masters 2026"]
[Site "Saint Louis USA"]
[Date "2026.02.28"]
[Round "8.7"]
[White "Stremavicius, Titas"]
[Black "Putnam, Liam"]
[Result "1/2-1/2"]
[WhiteTitle "GM"]
[BlackTitle "IM"]
[WhiteElo "2547"]
[BlackElo "2485"]
[WhiteFideId "12804444"]
[BlackFideId "30938279"]
[EventDate "2026.02.25"]

1. d4 Nf6 2. c4 e6 3. Nf3 d5 4. Nc3 Nbd7 5. Qc2 c5 6. cxd5 Nxd5 7. Nxd5 exd5 8.
e3 Bd6 9. b3 O-O 10. Bb2 cxd4 11. Bxd4 Qa5+ 12. Bc3 Bb4 13. Bxb4 Qxb4+ 14. Qd2
a5 15. Be2 Nc5 16. O-O Be6 17. Qd4 Rfc8 18. Rfb1 1/2-1/2

[Event "Saint Louis Masters 2026"]
[Site "Saint Louis USA"]
[Date "2026.02.28"]
[Round "8.8"]
[White "Matviishen, Viktor"]
[Black "Adewumi, Tanitoluwa"]
[Result "0-1"]
[WhiteTitle "GM"]
[BlackTitle "IM"]
[WhiteElo "2533"]
[BlackElo "2433"]
[WhiteFideId "14129850"]
[BlackFideId "30966396"]
[EventDate "2026.02.25"]

1. d4 d5 2. c4 dxc4 3. Nf3 Nf6 4. e3 e6 5. Bxc4 c5 6. O-O cxd4 7. exd4 Be7 8.
Nc3 O-O 9. Re1 a6 10. Ne5 Nc6 11. Nxc6 bxc6 12. Bf4 a5 13. Rc1 Ba6 14. Bb3 Ra7
15. Qf3 Rd7 16. Qxc6 Bb7 17. Qb5 Qa8 18. Be5 Bxg2 19. Bxf6 Bc6 20. Bxe7 Bxb5 21.
Bxf8 Rxd4 22. Bd6 Bc6 23. Bg3 Bh1 24. f3 Bxf3 25. Rc2 h5 26. h3 a4 27. Bxa4 Rxa4
28. Nxa4 Qxa4 29. Rf2 Bc6 30. b3 Qd4 31. h4 f6 32. Kh2 e5 33. Rc2 Bd7 34. Bf2
Qd3 35. Rec1 Qh3+ 36. Kg1 Bg4 37. Be1 Bf3 38. Kf2 Be4 39. Rc3 Qg2+ 40. Ke3 f5 0-1

[Event "Saint Louis Masters 2026"]
[Site "Saint Louis USA"]
[Date "2026.02.28"]
[Round "8.9"]
[White "Raja, Harshit"]
[Black "Oparin, Grigoriy"]
[Result "1/2-1/2"]
[WhiteTitle "GM"]
[BlackTitle "GM"]
[WhiteElo "2472"]
[BlackElo "2658"]
[WhiteFideId "5089000"]
[BlackFideId "24125890"]
[EventDate "2026.02.25"]

1. e4 c6 2. Nf3 d5 3. Nc3 dxe4 4. Nxe4 Nf6 5. Qe2 Bg4 6. d3 Nxe4 7. dxe4 e6 8.
h3 Bh5 9. Bd2 Nd7 10. O-O-O Qc7 11. Qe3 Bc5 12. Qg5 Bxf3 13. gxf3 Bd4 14. Ba5
Qe5 15. Qd2 Bxb2+ 16. Kb1 Ba3 17. Qxd7+ Kf8 18. Qxb7 Rb8 19. Rd8+ Rxd8 20. Bxd8
Qd4 21. Be2 Qxd8 22. Rd1 Qa5 23. Rd7 Kg8 24. Qc8+ Bf8 25. Qe8 Qb4+ 26. Kc1 h6
27. Bd3 Qe1+ 28. Kb2 Qb4+ 29. Kc1 Qe1+ 30. Kb2 Qb4+ 1/2-1/2

[Event "Saint Louis Masters 2026"]
[Site "Saint Louis USA"]
[Date "2026.02.28"]
[Round "8.10"]
[White "Munkhdalai, Amilal"]
[Black "Pranav, V"]
[Result "0-1"]
[WhiteTitle "IM"]
[BlackTitle "GM"]
[WhiteElo "2455"]
[BlackElo "2641"]
[WhiteFideId "4903250"]
[BlackFideId "25060783"]
[EventDate "2026.02.25"]

1. e4 e5 2. Nf3 Nc6 3. Bb5 Bc5 4. c3 Nf6 5. O-O O-O 6. d4 Bb6 7. Re1 d6 8. h3
Bd7 9. Na3 h6 10. Ba4 exd4 11. cxd4 d5 12. exd5 Nxd5 13. Bb3 Be6 14. Nc4 Qf6 15.
Nxb6 axb6 16. Be3 Rfd8 17. Rc1 Rd6 18. a3 Nde7 19. Bxe6 Rxe6 20. Ne5 Rd8 21.
Nxc6 bxc6 22. Qg4 Nf5 23. Qf4 Rd7 24. d5 Rxd5 25. Qxc7 Nxe3 26. fxe3 Rd2 27. Rf1
Qxb2 28. Qxf7+ Kh7 29. Qf3 Rg6 30. g4 Qxa3 31. Rcd1 Rxd1 32. Rxd1 Qe7 33. Rd4 c5
34. Rf4 Re6 35. Kf2 Qd6 36. Re4 Rf6 37. Rf4 Qe5 38. Rf5 Qb2+ 39. Kg3 Re6 40. Rd5
Qb1 41. g5 Qg1+ 42. Kh4 hxg5+ 0-1

[Event "Saint Louis Masters 2026"]
[Site "Saint Louis USA"]
[Date "2026.02.28"]
[Round "8.11"]
[White "Aryan, Chopra"]
[Black "Kevlishvili, Robby"]
[Result "1-0"]
[WhiteTitle "GM"]
[BlackTitle "GM"]
[WhiteElo "2631"]
[BlackElo "2527"]
[WhiteFideId "5084423"]
[BlackFideId "1040634"]
[EventDate "2026.02.25"]

1. e4 e5 2. Nf3 Nc6 3. Bc4 Bc5 4. c3 Nf6 5. d4 exd4 6. e5 d5 7. Bb5 Ne4 8. cxd4
Bb6 9. Be3 O-O 10. Nc3 Bg4 11. h3 Bh5 12. Qc2 Bg6 13. Qb3 Ne7 14. O-O c6 15. Bd3
Nd2 16. Nxd2 Bxd3 17. Rfe1 Bg6 18. Na4 Nf5 19. Nf3 Ba5 20. Re2 Nxe3 21. Rxe3 Rb8
22. Rc1 Re8 23. Nc5 Bb6 24. Qc3 Bf5 25. b4 a6 26. Qb2 Qe7 27. a4 Bd8 28. a5 Rc8
29. g4 Bg6 30. Qe2 Ra8 31. Ra1 Qc7 32. h4 h6 33. h5 Bh7 34. Qf1 f5 35. Qg2 Qe7
36. e6 fxg4 37. Qxg4 Rf8 38. Ne5 Bf5 39. Qg3 Bc7 40. f4 Bd6 41. Ned7 Bxc5 42.
Nxc5 Rf6 43. Re5 Kh8 44. Kh2 Rg8 45. Qh4 Qd6 46. Rae1 Re8 47. Rg1 Re7 48. Rg3
Re8 49. Kg1 Re7 50. Kg2 Re8 51. Kg1 Re7 52. Kf2 Re8 53. Rge3 Re7 54. Kg1 Re8 55.
Kg2 Re7 56. Kf2 Re8 57. Kg1 Re7 58. Qe1 Qd8 59. Nd7 Be4 60. R3xe4 dxe4 61. Qxe4
Qe8 62. Nc5 g6 63. Kf2 Qg8 64. Ke2 gxh5 65. f5 Qg3 66. Nd7 Kg7 67. d5 cxd5 68.
Rxd5 Qg5 69. Qe5 h4 70. Nxf6 Qxf6 71. Qd6 Re8 72. Qd7+ Kf8 73. Qd6+ Kg7 74. Kf3
h5 75. Ke4 h3 76. Qg3+ Kf8 77. Qxh3 Rc8 78. Rc5 Rd8 79. Rd5 Rc8 80. Qe3 Rc4+ 81.
Rd4 Rc8 82. Rd7 Qh4+ 83. Ke5 Ke8 84. Qg1 1-0

[Event "Saint Louis Masters 2026"]
[Site "Saint Louis USA"]
[Date "2026.02.28"]
[Round "8.12"]
[White "Mishra, Abhimanyu"]
[Black "Alexakis, Dimitris"]
[Result "1-0"]
[WhiteTitle "GM"]
[BlackTitle "GM"]
[WhiteElo "2629"]
[BlackElo "2538"]
[WhiteFideId "30920019"]
[BlackFideId "4277023"]
[EventDate "2026.02.25"]

1. d4 Nf6 2. c4 e6 3. Nf3 Bb4+ 4. Nbd2 d5 5. Qa4+ Nc6 6. e3 O-O 7. a3 Be7 8. Qc2
a5 9. b3 Nb8 10. Bb2 Nbd7 11. Bd3 c5 12. cxd5 exd5 13. O-O b6 14. Ne5 Qc7 15.
Nxd7 Bxd7 16. dxc5 Qxc5 17. Qb1 h6 18. h3 Rac8 19. Bd4 Qd6 20. Qb2 Rfe8 21. Nf3
Ne4 22. Rfd1 Nc5 23. Bf1 a4 24. bxa4 Bxa4 25. Bxg7 Bxd1 26. Rxd1 Na4 27. Qb5
Kxg7 28. Qxa4 Qxa3 29. Qg4+ Kf8 30. Ne5 Rc7 31. Qf4 Bg5 32. Ng6+ Kg7 33. Qxc7
Kxg6 34. Qxb6+ Kg7 35. Rxd5 Qa1 36. Qd4+ Qxd4 37. Rxd4 Bf6 38. Rg4+ Kf8 39. g3
Rb8 40. Rc4 Rb7 41. Kg2 Be5 42. Rc5 Bd6 43. Rd5 Be7 44. Bc4 Rc7 45. Bb3 Rb7 46.
Rd3 Rc7 47. Bd5 Rc2 48. Rb3 Rc7 49. f4 Bc5 50. Kf3 Ba7 51. Kg4 Kg7 52. Kf5 Re7
53. e4 Bf2 54. Rf3 Be1 55. Rf1 Bc3 56. h4 Ra7 57. Rb1 Bf6 58. h5 Be7 59. Rb5 Rc7
60. g4 Rc1 61. Rb7 Kf8 62. Rb6 Kg7 63. g5 hxg5 64. h6+ Kh7 65. Rb7 Bd8 66. Rxf7+
Kxh6 67. Rd7 Rc8 68. Bg8 Be7 69. fxg5+ Kg7 70. Rxe7+ Kxg8 71. e5 Rc6 72. Ra7 Rb6
73. e6 1-0